000 00341nam a2200157Ia 4500
008 230512s9999 xx 000 0 und d
041 _aeng
100 _aNAAC
245 _aNAAC - A PROFILE
250 _a1
260 _bNAAC BANGALORE
300 _a31
500 _aPaper Back
520 _aReference Copy
650 _aReference Book
999 _c407155
_d407155